| 000 | 00928nam a2200289 i 4500 | ||
|---|---|---|---|
| 001 | 000030222 | ||
| 003 | DO-SdBNP | ||
| 005 | 20230914135137.0 | ||
| 007 | ta | ||
| 008 | 110505s2000 dr 000 0 spa d | ||
| 020 | _a9768175389 | ||
| 040 |
_aDO-SdBNP _bspa _cBNPHU _erda |
||
| 049 | _aBNPD | ||
| 082 | 4 |
_bD671f _222 |
|
| 100 | 1 |
_aDomínguez, Franklin, _d1931- _914950 _eautor |
|
| 245 | 1 | 0 |
_aDuarte, fundador de una República : _b(drama histórico en dos actos) / _cFranklin Domínguez. |
| 264 |
_aSanto Domingo : _bComisión Permanente Efemérides Patria, _c2000. |
||
| 300 |
_a218 páginas ; _c21 cm. |
||
| 336 |
_2rdacontent _atexto _btxt |
||
| 337 |
_2rdamedia _asin mediación _bn |
||
| 338 |
_2rdacarrier _avolumen _bnc |
||
| 500 | _aIncluye datos biográficos del autor en las solapas | ||
| 586 | _aPremio anual de teatro 1997-98 | ||
| 590 | _aInventariado, 2023/BT | ||
| 910 | _aBtavárez | ||
| 942 |
_2ddc _cLBS1 |
||
| 999 |
_c29714 _d29714 |
||